[Event "45th Olympiad 2024"]
[Site "Budapest HUN"]
[Date "2024.09.16"]
[Round "6.76"]
[Board "1"]
[White "Aziz, Husain"]
[Black "Mompel Ferruz, Xavier"]
[Result "1/2-1/2"]
[WhiteElo "2340"]
[BlackElo "2273"]
[PlyCount "50"]
[EventDate "2024.09.11"]
[WhiteTeam "Qatar"]
[BlackTeam "Equatorial Guinea"]
[WhiteTeamCountry "QAT"]

1. d4 d5 2. Nf3 Nf6 3. Bf4 c5 4. e3 Nc6 5. Nbd2 Bg4 6. c3 e6 7. Qb3 Qc8 8. h3 Bh5 9. Be2 Be7 10. O-O ({RR} 10. g4 Bg6 11. Nh4 Be4 12. f3 c4 13. Qd1 Nh5 14. gxh5 Bxh4+ 15. Kf1 Bd3 16. Bxd3 cxd3 17. Kg2 Qd8 18. Nf1 Qe7 19. Qxd3 Rd8 20. Rg1 f5 21. Kh2 Qf7 22. Nd2 Bf6 23. Bg5 Qxh5 24. Bxf6 gxf6 {½-½ Firouzja,A (2737)-Caruana,F (2805) 12th Norway Chess 2024 (2.2)}) 10... O-O 11. Rfe1 c4 $146 ({RR} 11... a6 12. dxc5 Bxc5 13. c4 d4 14. exd4 Bxd4 15. Bd6 Rd8 16. c5 b6 17. Nc4 bxc5 18. Nb6 Qb7 19. Nxa8 Qxa8 20. Bf4 Ne4 21. Be3 Rb8 22. Qa4 Rxb2 23. Nxd4 cxd4 24. Bxh5 dxe3 25. Rxe3 Nxf2 26. Bf3 {1-0 Kvaloy,A (2443)-Kanyamarala,T (2286) Kragero Resort Chess 2024 (5.17)}) ({RR} 11... Rd8 12. Qd1 a6 13. a4 h6 14. dxc5 Bxc5 15. b4 Be7 16. Rc1 Ne4 17. Nxe4 Bxf3 18. Nd2 Bxe2 19. Qxe2 e5 20. Bg3 Qe6 21. b5 axb5 22. axb5 {½-½ Giri,A (2772)-Gelfand,B (2663) Wch Rapid Warsaw 2021 (5)}) ({RR} 11... a6 12. Ne5 Bxe2 13. Rxe2 Nd7 14. Ndf3 Ndxe5 15. Nxe5 b5 16. a3 Rd8 17. Bg3 Nxe5 18. Bxe5 Qc6 19. Rae1 Bf8 20. e4 Rac8 21. exd5 Rxd5 22. dxc5 Bxc5 23. Qc2 f6 24. Bg3 e5 25. Kh1 Rcd8 26. c4 {0-1 Hesse,P (2355)-Boensch,U (2445) DDR-ch34 Final 1985 (13)}) 12. Qd1 b5 13. Ne5 Bxe2 14. Qxe2 Nxe5 15. Bxe5 Qc6 16. Bxf6 Bxf6 17. e4 dxe4 18. Nxe4 Be7 19. Qf3 Rfc8 20. Re2 a5 21. Rae1 Qd5 22. Nd2 Bf6 23. Ne4 Be7 24. Nd2 Bf6 25. Ne4 Be7 1/2-1/2

[Event "45th Olympiad 2024"]
[Site "Budapest HUN"]
[Date "2024.09.16"]
[Round "6.76"]
[Board "2"]
[White "Oscar Naranjo Gonzalez"]
[Black "Erfan, Mohamad Firdaus"]
[Result "0-1"]
[WhiteElo "1861"]
[BlackElo "1758"]
[PlyCount "74"]
[EventDate "2024.09.11"]
[WhiteTeam "Equatorial Guinea"]
[BlackTeam "Qatar"]
[BlackTeamCountry "QAT"]

1. e4 e5 2. Nf3 Nc6 3. Bb5 a6 4. Ba4 Nf6 5. Qe2 b5 6. Bb3 Bc5 7. a4 Rb8 8. axb5 axb5 9. Nc3 b4 10. Nd5 O-O 11. d3 Nxd5 12. Bxd5 Nd4 13. Nxd4 Bxd4 14. O-O c6 15. Bb3 d5 16. Kh1 $146 ({RR} 16. exd5 cxd5 17. Ra2 Qf6 18. Be3 Bxe3 19. fxe3 Qd6 20. e4 dxe4 21. Qxe4 Bb7 22. Qc4 Qg6 23. Rf2 h6 24. Ra1 Bc8 25. Raf1 Be6 26. Qc7 Bxb3 27. cxb3 Rbc8 28. Qxe5 Qxd3 29. Qa5 Qxb3 30. Qa7 Rc2 {0-1 Rouast,J (2105)-Kriti,M (1787) Titled Tue 16th Apr Early 2024 (7)}) ({RR} 16. Qh5 Be6 17. Ra4 Qd6 18. Kh1 f5 19. f4 fxe4 20. f5 Bxf5 21. Rxf5 Rxf5 22. Qxf5 Rf8 23. dxe4 g6 24. Qf3 Rxf3 25. gxf3 Qf6 26. Kg2 Qh4 27. exd5 Qf2+ {0-1 Strobel,W (2210)-Hofstetter,H (2153) Regionalliga NW 0304 2003 (8.1)}) 16... dxe4 17. dxe4 Qh4 18. f4 Bg4 19. Qe1 Qxe1 20. Rxe1 Be6 21. Ra6 Bxb3 22. cxb3 Rfc8 23. g3 f6 24. Kg2 c5 25. fxe5 fxe5 26. Re2 c4 27. bxc4 Rxc4 28. Ra1 Rbc8 29. Be3 Rc2 30. Kf1 Bxe3 31. Rxe3 Rxh2 32. Kg1 Rxb2 33. Rf3 b3 34. Ra7 Rc1+ 35. Rf1 Rxf1+ 36. Kxf1 Ra2 37. Rb7 b2 0-1

[Event "45th Olympiad 2024"]
[Site "Budapest HUN"]
[Date "2024.09.16"]
[Round "6.76"]
[Board "3"]
[White "Al-Kuwari, Turki"]
[Black "Angel Estanislao Gatjens Capche"]
[Result "1-0"]
[WhiteElo "1577"]
[BlackElo "1849"]
[PlyCount "91"]
[EventDate "2024.09.11"]
[WhiteTeam "Qatar"]
[BlackTeam "Equatorial Guinea"]
[WhiteTeamCountry "QAT"]

1. e4 c6 2. d4 d5 3. exd5 cxd5 4. c3 Nf6 5. Bd3 Bg4 6. Qb3 Qd7 7. Bf4 Nc6 8. Nd2 e6 9. h3 Bh5 10. Ngf3 Bxf3 11. Nxf3 Bd6 12. Bxd6 Qxd6 13. O-O O-O 14. Rfe1 Qc7 15. Ne5 Nxe5 16. Rxe5 b5 ({RR} 16... Rab8 17. a4 a6 18. a5 Rfd8 19. Ra4 b5 20. axb6 Rxb6 21. Qa2 Rdb8 22. Re2 Qf4 23. Qa1 h5 24. b4 Ne4 25. Bxe4 dxe4 26. Qb1 f5 27. Re3 h4 28. Ra5 Rc6 29. Qa2 Qd6 30. d5 exd5 31. Rxd5 {1-0 Chyngyz,S (1849)-Bilic,V (2336) Titled Tue 19th Mar Late 2024 (4)}) 17. a4 bxa4 18. Rxa4 Rab8 $146 ({RR} 18... Rfb8 19. Qc2 Rb6 20. Re1 Rab8 21. Ra2 g6 22. g3 Kg7 23. Rea1 a5 24. Qc1 h5 25. Rxa5 Rxb2 26. Rc5 Qd6 27. Ra7 R8b7 28. Rxb7 Rxb7 29. Qg5 Rb8 30. Kg2 Nd7 31. Ra5 Qc7 32. Ra3 Nf6 33. Qe3 {½-½ Roque,M (2330)-Megaranto,S (2550) Zonal 3.3 Online 2021 (8)}) 19. Rb4 a5 20. Rxb8 Rxb8 21. Qc2 Qb7 22. Re2 Qb3 23. Qxb3 Rxb3 24. Bc2 Rb7 25. b3 Kf8 26. Kf1 Ke7 27. Ke1 Kd6 28. Kd2 h6 29. Re1 Kc6 30. Ra1 Kb6 31. c4 dxc4 32. bxc4 Rd7 33. Kc3 Ra7 34. g4 Kc6 35. f3 Kd6 36. c5+ Kd5 37. Rb1 Kc6 38. Be4+ Kc7 39. Kc4 a4 40. Ra1 a3 41. Kb3 a2 42. Rxa2 Rxa2 43. Kxa2 e5 44. d5 Nd7 45. d6+ Kd8 46. c6 1-0

[Event "45th Olympiad 2024"]
[Site "Budapest HUN"]
[Date "2024.09.16"]
[Round "6.77"]
[Board "1"]
[White "Mahamat Hachim Bachar"]
[Black "Murphy, Jones"]
[Result "0-1"]
[WhiteElo "1872"]
[BlackElo "2021"]
[PlyCount "96"]
[EventDate "2024.09.11"]
[WhiteTeam "Chad"]
[BlackTeam "Dominica"]
[WhiteTeamCountry "CHD"]

1. e4 {Bulletin} e5 2. d4 exd4 3. c3 d5 4. exd5 Qxd5 5. Nf3 Nc6 6. cxd4 Bg4 7. Be2 Nf6 8. Nc3 Bb4 9. O-O Bxc3 10. bxc3 O-O 11. c4 Qd6 ({RR} 11... Qe4 12. Bb2 Rfe8 13. Re1 Nb4 14. Bf1 Qf5 15. Rxe8+ Rxe8 16. Qa4 Bxf3 17. Qxb4 Ne4 18. Re1 Bxg2 19. Bxg2 Qxf2+ 20. Kh1 Ng3+ 21. hxg3 Rxe1+ 22. Kh2 h5 23. Bc3 Re2 24. Qxb7 h4 25. Qc8+ Kh7 26. Qh3 {0-1 Leve,N (2128)-Aravindh,C (2662) Titled Tue 6th Feb Early 2024 (9)}) 12. d5 ({RR} 12. Be3 Rfe8 13. d5 Ne5 14. Nxe5 Bxe2 15. Nxf7 Qxh2+ 16. Kxh2 Bxd1 17. Raxd1 Kxf7 18. Bf4 Rac8 19. f3 b6 20. Rfe1 h6 21. Rxe8 Kxe8 22. g4 Kd7 23. Kg3 Re8 24. Bd2 Re2 25. a4 Ne8 26. Bc3 Rc2 {½-½ Theodorou,N (2577)-Sadhwani,R (2616) Wch Blitz Warsaw 2021 (2)}) 12... Ne5 $146 ({RR} 12... Bxf3 13. Bxf3 Ne5 14. Be2 Rfe8 15. Be3 c6 16. Qd4 cxd5 17. Rfd1 Nc6 18. Qb2 d4 19. Bf3 Ne5 20. Qxb7 Rab8 21. Qxa7 Nxf3+ 22. gxf3 Qc6 23. Qxd4 Qxf3 24. Qf4 Qc6 25. Rd6 Qe4 26. c5 ({RR} 26. Qxe4 Nxe4 27. Rd7) 26... Rb1+ 27. Rxb1 {½-½ Obkircher,C (1925)-Tinkhauser,H (1670) AUT-chT 9596 1995 (6)} ({RR} 27. Rd1 Rxd1+ 28. Rxd1)) ({RR} 12... Bxf3 13. Bxf3 Ne5 14. Qb3 Rfe8 15. Ba3 Qb6 16. Qc3 Nxf3+ 17. Qxf3 Qd4 18. Qb3 b6 19. Bb2 Qf4 20. Qd3 Ng4 21. g3 Ne5 22. Bxe5 Qxe5 23. Qd2 Rad8 24. Rae1 Qd6 25. Rxe8+ Rxe8 26. Re1 Kf8 27. Rxe8+ {0-1 Markhot,Z (1999)-Schenkerik,C (2162) HUN-chT2 Breyer 0405 2004 (1)}) ({RR} 12... Bxf3 13. gxf3 Ne5 14. f4 Ng6 15. Rb1 Nxf4 16. Bf3 b6 17. Rb3 Rfe8 18. Kh1 Rad8 19. Qd2 Ng6 20. Rg1 Ne4 21. Qc2 Nc5 22. Ra3 a5 23. Bg5 Ne4 24. c5 Nxc5 25. Bxd8 Rxd8 26. Re3 Nh4 27. Rge1 {0-1 Olsar,J (2340)-Fuksik,J (2165) CZE-chT2c 9596 1995 (9)}) 13. Nxe5 Qxe5 14. Be3 Bxe2 15. Qxe2 Rfe8 16. Rfe1 Re7 17. Qd3 Ng4 18. f4 Qh5 19. h3 Nxe3 20. Rxe3 Rae8 21. Rae1 Qh4 22. g3 Qf6 23. c5 Rxe3 24. Rxe3 Rxe3 25. Qxe3 Qa1+ 26. Kf2 Qxa2+ 27. Kg1 Qb1+ 28. Kf2 Qc2+ 29. Ke1 Qb1+ 30. Kf2 Kf8 31. Qa3 a6 32. c6+ Ke8 33. Qe3+ Kd8 34. Qc5 Qb6 35. Qxb6 cxb6 36. cxb7 Kc7 37. b8=Q+ Kxb8 38. Ke3 Kc7 39. Kd4 Kd6 40. f5 b5 41. g4 a5 42. g5 a4 43. h4 a3 44. Kc3 b4+ 45. Kb3 Kxd5 46. h5 g6 47. fxg6 fxg6 48. hxg6 hxg6 0-1

[Event "45th Olympiad 2024"]
[Site "Budapest HUN"]
[Date "2024.09.16"]
[Round "6.77"]
[Board "2"]
[White "Bridet, Robert"]
[Black "Abdelaziz Bokhit, Badjoiri"]
[Result "0-1"]
[WhiteElo "1697"]
[BlackElo "1778"]
[PlyCount "152"]
[EventDate "2024.09.11"]
[WhiteTeam "Dominica"]
[BlackTeam "Chad"]
[BlackTeamCountry "CHD"]

1. e4 e5 2. Nf3 Nc6 3. Bc4 Bc5 4. O-O Nf6 5. Nc3 d6 6. h3 h6 7. a3 a6 8. d3 O-O 9. Qe2 Qe7 ({RR} 9... Re8 10. Be3 Nd4 11. Qd1 b5 12. Ba2 Bb7 13. Nh2 d5 14. exd5 Nxd5 15. Nxd5 Bxd5 16. Bxd5 Qxd5 17. b4 Bd6 18. Re1 a5 19. c3 Nf5 20. Ng4 Nh4 21. f3 h5 22. Bf2 hxg4 23. Bxh4 gxh3 24. gxh3 {0-1 Geurts,H (1870)-Suarez Pinto,S (1947) XXXI Feria de las Flores 2024 (7.28)}) 10. Nd1 $146 ({RR} 10. Be3 Be6 11. Rad1 Rad8 12. d4 d5 13. dxc5 dxc4 14. Rxd8 Rxd8 15. Rd1 Rxd1+ 16. Qxd1 b5 17. cxb6 cxb6 18. Bxb6 Qb7 19. Na4 Nd7 20. Be3 Qb5 21. c3 Na5 22. Nb6 Nxb6 23. Qd8+ Kh7 24. Qxb6 Qxb6 {1-0 Dovgan,O-Petukhov,D (2338) UKR-ch U08 Evpatoria 2007 (1)}) ({RR} 10. Nh4 Rd8 11. Nf3 Qe8 12. Nd5 Nxd5 13. Bxd5 Nd4 14. Nxd4 Bxd4 15. c3 Bb6 16. Be3 Bxe3 17. fxe3 Rd7 18. Rf2 Kh8 19. Qh5 Qf8 20. Rxf7 Rxf7 21. Qxf7 Qxf7 22. Bxf7 Bd7 23. Rf1 Rf8 24. Bd5 Rxf1+ {1-0 Medwed,E-Schaefer,M SJRP-ch U13 Sargenroth 1995}) ({RR} 10. b4 b5 {½-½ Devi,A-Devi,S Oceania zt (Women) 2002 (8)}) 10... Be6 11. Ne3 Bxc4 12. Nxc4 b5 13. Ne3 Bxe3 14. Bxe3 Nh5 15. c3 Nd8 16. Nh2 Qh4 17. Nf3 Qf6 18. g3 Ne6 19. Nh4 Nhf4 20. Qd2 Nxh3+ 21. Kh2 Nhg5 22. Kg2 Qd8 23. Nf5 d5 24. f3 d4 25. Bf2 c5 26. Rh1 f6 27. cxd4 Nxd4 28. Bxd4 cxd4 29. Rac1 Qd7 30. Qb4 a5 31. Qc5 Kh7 32. Qb6 Rfb8 33. Rc7 Qxf5 34. Rxg7+ Kh8 35. exf5 Rxb6 36. Rc7 Kg8 37. Rxh6 Nf7 38. Rh1 Rab8 39. Ra7 a4 40. Rc1 R6b7 41. Ra6 Rb6 42. Ra7 Nd6 43. g4 Rc8 44. Rxc8+ Nxc8 45. Ra8 Rc6 46. Rb8 Rc5 47. Kg3 Kf7 48. Rb7+ Ne7 49. Kh4 Rc2 50. Rxb5 Rd2 51. b4 Rxd3 52. Kg3 Rxa3 53. Rb7 Rb3 54. b5 a3 55. Ra7 e4 56. b6 Rxf3+ 57. Kg2 Rb3 58. b7 Rb2+ 59. Kf1 a2 60. Rxa2 Rxb7 61. Ke2 Rb3 62. Ra4 Nc6 63. Rc4 Rc3 64. Ra4 Rc2+ 65. Kd1 Rg2 66. Rc4 Ne7 67. Rxd4 Rxg4 68. Rd7 Rf4 69. Ke2 Rxf5 70. Ke3 Re5 71. Ra7 f5 72. Kf4 Kf6 73. Ra6+ Re6 74. Ra5 Ng6+ 75. Ke3 f4+ 76. Ke2 Re5 0-1

[Event "45th Olympiad 2024"]
[Site "Budapest HUN"]
[Date "2024.09.16"]
[Round "6.77"]
[Board "3"]
[White "Adam, Jamal"]
[Black "Thomas, Larry"]
[Result "1-0"]
[WhiteElo "2013"]
[BlackElo "1686"]
[PlyCount "117"]
[EventDate "2024.09.11"]
[WhiteTeam "Chad"]
[BlackTeam "Dominica"]
[WhiteTeamCountry "CHD"]

1. e4 e5 2. Nf3 Nf6 3. Nc3 Nc6 4. Bc4 Nxe4 5. O-O Nf6 6. Re1 d6 7. d4 Bg4 8. dxe5 dxe5 9. Qxd8+ Rxd8 $146 ({RR} 9... Kxd8 10. Nxe5 Nxe5 11. Rxe5 Bd6 12. Re1 c6 13. Bxf7 Rf8 14. Bb3 Bh5 15. Bg5 Kc7 16. f3 Bb4 17. Re5 Nd7 18. Re4 Bc5+ 19. Kh1 Rxf3 20. Rh4 Raf8 21. Bc4 R3f5 22. Rxh5 g6 23. Rxh7 Rxg5 24. Be6 {1-0 Flores Ramirez,X-Rovira Contreras,T Pan American-ch U12 Girls 2007 (1)}) 10. Nxe5 Nxe5 11. Rxe5+ Be7 12. Bg5 Kf8 13. h3 Bc8 14. Rae1 Bd6 15. R5e2 h6 16. Bh4 g5 17. Bg3 Bxg3 18. fxg3 c6 19. Rf2 Nd5 20. Nxd5 cxd5 21. Rd1 Be6 22. Rfd2 Rc8 23. Bb3 Ke7 24. c3 Rhd8 25. Bxd5 Rxd5 26. Rxd5 Bxd5 27. Rxd5 Ke6 28. Rd4 f5 29. Kf2 Rc7 30. Ke3 b5 31. Rd8 Rc6 32. Kd3 a6 33. b3 Ke7 34. Rd5 Ke6 35. c4 h5 36. Kd4 bxc4 37. bxc4 Rb6 38. Kc3 Rb1 39. Rd2 a5 40. a3 a4 41. Rb2 Rc1+ 42. Kb4 g4 43. hxg4 hxg4 44. Rd2 Ke5 45. c5 Ke4 46. Kb5 Rc3 47. c6 Ke3 48. Rd5 Rb3+ 49. Kxa4 Rb6 50. Rc5 Rb8 51. c7 Rc8 52. Kb5 Kf2 53. Kb6 Kxg3 54. Rxf5 Kxg2 55. Kb7 Rg8 56. c8=Q Rxc8 57. Kxc8 g3 58. a4 Kh3 59. Rg5 1-0

[Event "45th Olympiad 2024"]
[Site "Budapest HUN"]
[Date "2024.09.16"]
[Round "6.77"]
[Board "4"]
[White "Francis, Nigel"]
[Black "Hassaballa Ahmed Hassaballa"]
[Result "1-0"]
[WhiteElo "1775"]
[BlackElo "1902"]
[PlyCount "39"]
[EventDate "2024.09.11"]
[WhiteTeam "Dominica"]
[BlackTeam "Chad"]
[BlackTeamCountry "CHD"]

1. e4 c5 2. Nf3 e6 3. d4 cxd4 4. Nxd4 Nc6 5. Nc3 Bb4 6. Ndb5 a6 7. Nd6+ Bxd6 8. Qxd6 Qe7 9. Qg3 g6 ({RR} 9... f6 10. Bf4 Qf7 11. Na4 e5 12. Be3 Nge7 13. Nb6 Rb8 14. Bc4 Qg6 15. O-O-O Qxg3 16. hxg3 Nd8 17. Bc5 Ne6 18. Bd6 Nc6 19. Bxb8 Nxb8 20. Nxc8 {1-0 Thorhallsson,T (2382)-Denk,W (1581) World Senior Teams +50 2023 (3.4)}) 10. Bf4 b5 $146 ({RR} 10... Nf6 11. Bd6 Nh5 12. Qd3 Qf6 13. O-O-O Nf4 14. Qe3 Nh5 15. g4 Ng7 16. e5 {1-0 Kosztolanczi,G (2110)-Szilasi,I (1938) HUN-chT2 Szechenyi 1112 2011 (5.5)}) 11. e5 Bb7 12. O-O-O h6 13. Ne4 Kf8 14. Nd6 Bc8 15. h4 Qd8 16. Bd3 Nge7 17. Qf3 Nf5 18. Bxf5 exf5 19. g4 fxg4 20. Bxh6+ 1-0

[Event "45th Olympiad 2024"]
[Site "Budapest HUN"]
[Date "2024.09.16"]
[Round "6.78"]
[Board "1"]
[White "Houssein, Mohamed Bilal"]
[Black "Eichab, Charles"]
[Result "0-1"]
[WhiteElo "1870"]
[BlackElo "2013"]
[PlyCount "150"]
[EventDate "2024.09.11"]
[WhiteTeam "Djibouti"]
[BlackTeam "Namibia"]
[WhiteTeamCountry "DJI"]
[BlackTeamCountry "NAM"]

1. e4 c5 2. Nf3 g6 3. d4 cxd4 4. Nxd4 Nc6 5. c4 Bg7 6. Be3 Nf6 7. Nc3 O-O 8. Be2 d6 9. O-O Nxd4 10. Bxd4 Be6 11. Qd2 Qa5 12. Rfd1 Rfc8 13. b3 a6 14. f3 Nd7 15. Rac1 Bxd4+ 16. Qxd4 Qc5 17. Qf2 Qxf2+ 18. Kxf2 Rc7 $146 ({RR} 18... Rc5 19. Na4 Rc7 20. Ke3 Rac8 21. Kd2 f5 22. Bd3 f4 23. Rc3 Kf7 24. Rdc1 g5 25. g3 h5 26. gxf4 gxf4 27. Rg1 Rh8 28. Rcc1 Rcc8 29. Nc3 Ne5 30. Rgf1 Rhg8 31. Rf2 Kf6 32. Ne2 Ng6 33. Rg1 {0-1 Trepka,J (2059)-Spal,M (2247) Tabor op 2007 (8)}) 19. a4 Nc5 20. Rb1 g5 21. g4 f6 22. a5 Rb8 23. Rdc1 b6 24. axb6 Rxb6 25. b4 Nd7 26. Rb2 Rbc6 27. Nd5 Bxd5 28. exd5 Rb6 29. Ke3 Ne5 30. Kd4 Rb8 31. Ra1 Rcb7 32. Ra4 Kf7 33. Kc3 Rb6 34. Raa2 Rc8 35. Kd4 Rcb8 36. Kc3 Rc8 37. Ra5 Rcb8 38. Ra4 h6 39. Rba2 Ke8 40. R2a3 Kd7 41. c5 dxc5 42. bxc5 Rb2 43. Bd1 Rb1 44. Bc2 R1b5 45. Bf5+ Kc7 46. Ra5 Rb4 47. Bd3 Nxd3 48. Kxd3 Rb3+ 49. Rxb3 Rxb3+ 50. Kc4 Rxf3 51. Rxa6 Rf4+ 52. Kb5 Rd4 53. Ra7+ Kd8 54. Ra8+ Kd7 55. c6+ Kc7 56. Kc5 Rd2 57. Ra7+ Kd8 58. Rd7+ Ke8 59. Kb6 Ra2 60. Kb7 Ra4 61. Kb8 Rxg4 62. Rb7 Rc4 63. c7 f5 64. c8=Q+ Rxc8+ 65. Kxc8 f4 66. Rb3 h5 67. h3 Kf7 68. Kd7 Kf6 69. Rd3 g4 70. hxg4 hxg4 71. Rd4 Ke5 72. Ra4 g3 73. Kxe7 g2 74. Ra1 Kxd5 75. Kf6 f3 0-1

[Event "45th Olympiad 2024"]
[Site "Budapest HUN"]
[Date "2024.09.16"]
[Round "6.78"]
[Board "2"]
[White "Schwarz, Bernhard"]
[Black "Omar, Aden Omar"]
[Result "1/2-1/2"]
[WhiteElo "1875"]
[BlackElo "1779"]
[PlyCount "82"]
[EventDate "2024.09.11"]
[WhiteTeam "Namibia"]
[BlackTeam "Djibouti"]
[WhiteTeamCountry "NAM"]
[BlackTeamCountry "DJI"]

1. e4 e6 2. d4 d5 3. e5 c5 4. c3 Nc6 5. Nf3 Qb6 6. a3 c4 7. Nbd2 Bd7 8. Rb1 ({RR} 8. h4 Nge7 9. Rb1 Na5 10. h5 h6 11. Rh3 Qc7 12. b4 cxb3 13. Nxb3 Ba4 14. Nfd2 Nc4 15. Qg4 Nxd2 16. Bxd2 b6 17. Bd3 Nc6 18. Rf3 O-O-O 19. Nc5 Bxc5 20. dxc5 b5 21. Bxb5 Bxb5 22. Rxb5 Qxe5+ {0-1 Vaibhav,S (2597)-Martinez Alcantara,J (2612) Chess.com Classic Play-In 2024 (3.27)}) 8... Qc7 9. Be2 f6 10. exf6 $146 ({RR} 10. O-O Be7 11. b3 cxb3 12. c4 fxe5 13. cxd5 exd5 14. dxe5 Nh6 15. Nxb3 Bf5 16. Ra1 O-O-O 17. Bf4 Kb8 18. Nbd4 Bc8 19. Nb5 Qa5 20. e6+ Ka8 21. Nc7+ Kb8 22. Ne8+ Ka8 23. Bc7 Qc5 24. Nxg7 Rdg8 {1-0 Gonzalez Gonzalez,A (2157)-Delgado Rodriguez,F (1974) Sanxenxo Carlos op 8th 2016 (9)}) 10... Nxf6 11. b3 b5 12. O-O Bd6 13. bxc4 bxc4 14. Re1 O-O 15. h3 e5 16. dxe5 Nxe5 17. Nd4 Bc5 18. N2f3 Rae8 19. Bf1 Nxf3+ 20. Nxf3 Bxf2+ 21. Kxf2 Ne4+ 22. Kg1 Nxc3 23. Qd4 Rxe1 24. Nxe1 Nxb1 25. Qxd5+ Kh8 26. Bxc4 Qg3 27. Nf3 Bxh3 28. Ng5 h6 29. Nxh3 Qe1+ 30. Kh2 Qxc1 31. Qd6 Qxa3 32. Qg6 Qe7 33. Bd3 Kg8 34. Qh7+ Kf7 35. Qg6+ Kg8 36. Qh7+ Kf7 37. Qg6+ Kg8 38. Bc4+ Kh8 39. Bd3 Kg8 40. Bc4+ Kh8 41. Bd3 Kg8 1/2-1/2

[Event "45th Olympiad 2024"]
[Site "Budapest HUN"]
[Date "2024.09.16"]
[Round "6.78"]
[Board "3"]
[White "Mohamed, Ali Dima"]
[Black "Khoa, Goodwill"]
[Result "0-1"]
[WhiteElo "1761"]
[BlackElo "1890"]
[PlyCount "60"]
[EventDate "2024.09.11"]
[WhiteTeam "Djibouti"]
[BlackTeam "Namibia"]
[WhiteTeamCountry "DJI"]
[BlackTeamCountry "NAM"]

1. d4 Nf6 2. c4 c5 3. e3 g6 4. Nc3 Bg7 5. Be2 cxd4 6. exd4 d5 7. b3 O-O 8. Nf3 Nc6 9. O-O ({RR} 9. cxd5 Nxd5 10. Nxd5 Qxd5 11. Bb2 Qa5+ 12. Qd2 Qxd2+ 13. Kxd2 Rd8 14. Bc4 Nxd4 15. Nxd4 Bxd4 16. Bxd4 Rxd4+ 17. Ke3 Rd8 18. Rhd1 Bf5 19. f3 h5 20. Rac1 Rac8 21. Rxd8+ Rxd8 22. h4 Kg7 23. a4 Kf6 {0-1 Grigorieva,S (1580)-Vasilevich,T (2302) TCh-RUS Blitz w 2023 (13.11)}) 9... dxc4 ({RR} 9... Bg4 10. Be3 Ne4 11. Nxe4 dxe4 12. Ng5 Bf5 13. g4 Bc8 14. Qd2 f5 15. Rad1 h6 16. Nh3 g5 17. f4 exf3 18. Bxf3 fxg4 19. Bd5+ e6 20. Rxf8+ Qxf8 21. Rf1 Qb4 22. Qf2 Qe7 23. Nxg5 exd5 24. Nf7 {0-1 Hajek,J (2180)-Hasangatin,R (2517) Chrudim op 2002 (3)}) 10. bxc4 Bg4 11. Be3 Qa5 $146 ({RR} 11... Ne8 12. Rb1 b6 13. h3 Bf5 14. Rc1 Nd6 15. Qd2 Na5 16. Na4 Rc8 17. Nb2 Ne4 18. Qd1 Qd6 19. Qa4 Bd7 20. Qc2 Qa3 21. Qxe4 Bf5 22. Qh4 Qxb2 23. Rfe1 Nc6 24. d5 Nb4 25. Bd4 Bxd4 26. Nxd4 {1-0 Vass,F (2280)-Szegi,T (2186) SVK-chT2B 1415 2014 (5.4)}) 12. Qb3 Rab8 13. h3 Bxf3 14. Bxf3 e5 15. d5 Nd4 16. Bxd4 exd4 17. Nb5 a6 18. Nxd4 Nxd5 19. cxd5 Bxd4 20. Rad1 Bf6 21. Rfe1 Rfd8 22. d6 Rxd6 23. g3 Rbd8 24. Rc1 b5 25. Re4 Rd3 26. Qc2 Rxf3 27. Qc6 Kg7 28. Re6 Qd2 29. Rxf6 Rxf6 30. Qc5 Rxf2 0-1

[Event "45th Olympiad 2024"]
[Site "Budapest HUN"]
[Date "2024.09.16"]
[Round "6.79"]
[Board "1"]
[White "Kumar, Manoj"]
[Black "Morazo, John Ranel"]
[Result "1/2-1/2"]
[WhiteElo "1951"]
[BlackElo "2200"]
[PlyCount "81"]
[EventDate "2024.09.11"]
[WhiteTeam "Fiji"]
[BlackTeam "Palau"]
[WhiteTeamCountry "FIJ"]
[BlackTeamCountry "PAL"]

1. d4 {Lautier,Joel} Nf6 2. Nf3 c5 3. c3 g6 4. Bf4 Bg7 5. e3 O-O 6. Nbd2 d6 7. h3 Nc6 ({RR} 7... b6) 8. Be2 Be6 9. Ng5 ({RR} 9. O-O Qb6) 9... Bd7 ({RR} 9... Bd5 10. e4 h6) 10. Ngf3 ({RR} 10. O-O cxd4 11. exd4 ({RR} 11. cxd4 e5 12. dxe5 dxe5 13. Bh2 Qe7) 11... e5 12. dxe5 dxe5 ({RR} 12... Nd5 13. Bg3 Qxg5 14. Nf3) 13. Bh2 Bf5 14. Bf3 Qe7 15. Re1 Nd7 16. Nge4 ({RR} 16. Bxc6 bxc6 17. Ngf3 c5 ({RR} 17... f6 18. Nd4) 18. Nc4 Rfd8 19. Qa4 f6) 16... Be6 17. Nb3 f5 18. Nd6 e4 19. Be2 Nde5 20. Nb5 Rad8 21. N5d4 f4 ({RR} 21... Bd5 22. Qc1) 22. Qc2 Bd5 ({RR} 22... f3 23. Bf1 fxg2 ({RR} 23... Bd5) 24. Bxg2 Nf3+ 25. Bxf3 Nxd4 26. Nxd4 Bxd4 27. cxd4 exf3) 23. Nxc6 Bxc6 24. Nd4 Bd5 {½-½ Apicella,M (2518)-Lautier,J (2658) Clichy 2001 (9)}) ({RR} 10. dxc5 dxc5 11. e4 h6 12. Ngf3 Be6) 10... h6 11. O-O Be6 12. e4 $146 ({RR} 12. dxc5 dxc5 13. Nc4 Nd5 14. Bg3 b5 15. Nce5 Qb6 16. Nxc6 Qxc6 17. Ne5 Qb6 18. Nd7 Bxd7 19. Qxd5 Be6 20. Qd3 b4 21. Qa6 bxc3 22. bxc3 Bxc3 23. Rab1 Qxa6 24. Bxa6 Bxa2 25. Rb7 Bf6 26. Rc1 Bd5 {0-1 Mingo Fernandez,M (2177)-Barria Zuniga,D (2341) Titled Tue 27th Aug Late 2024 (7)}) 12... cxd4 13. cxd4 d5 14. e5 Ne4 15. Bd3 Nxd2 16. Qxd2 Kh7 17. Rfe1 Qd7 18. b4 Bf5 19. b5 Nd8 20. a4 Bxd3 21. Qxd3 Ne6 22. Bd2 Rfc8 23. Rec1 Rxc1+ 24. Rxc1 Rc8 25. Rxc8 Qxc8 26. Qc3 Qxc3 27. Bxc3 Kg8 28. Kf1 Kf8 29. Bd2 a6 30. bxa6 bxa6 31. Ke2 Ke8 32. Kd3 Kd7 33. Ne1 f6 34. f4 h5 35. Nf3 Nf8 36. g4 Kc6 37. Nh4 Kd7 38. gxh5 gxh5 39. Nf5 Ne6 40. Ng3 Bh6 41. Nxh5 1/2-1/2

[Event "45th Olympiad 2024"]
[Site "Budapest HUN"]
[Date "2024.09.16"]
[Round "6.79"]
[Board "2"]
[White "Tan, Santiago Jr"]
[Black "Prasad, Rudr"]
[Result "0-1"]
[WhiteElo "1903"]
[BlackElo "1777"]
[PlyCount "120"]
[EventDate "2024.09.11"]
[WhiteTeam "Palau"]
[BlackTeam "Fiji"]
[WhiteTeamCountry "PAL"]
[BlackTeamCountry "FIJ"]

1. e4 c6 2. Nf3 d5 3. exd5 cxd5 4. d4 Nc6 5. Be2 Bg4 6. O-O e6 7. Re1 ({RR} 7. b3 Bd6 8. Bb2 Nge7 9. h3 Bh5 10. Ne5 Bxe2 11. Qxe2 O-O 12. Nd2 Ng6 13. c4 dxc4 14. Ndxc4 Rc8 15. Rad1 Nge7 16. Rfe1 Nd5 17. Qg4 Bb4 18. Re2 Nf6 19. Qg3 Nxe5 20. Nxe5 Bd6 21. Qf3 Bxe5 {1-0 Lewicki,M (2359)-Eljanov,P (2705) Titled Tue 25th Apr Early 2023 (5)}) ({RR} 7. Bf4 Bd6 8. Bxd6 Qxd6 9. Nbd2 Nge7 10. Re1 O-O 11. h3 Bh5 12. c3 Bg6 13. Bf1 Qf4 14. g3 Qf6 15. Qb3 Rab8 16. Ne5 Rfd8 17. Qa4 h5 18. Nxg6 Nxg6 19. h4 Nge7 20. Bg2 Nf5 21. Nf3 Nd6 {1-0 Alonso,R (2170)-Bach,M (2205) Titled Tue 2nd Jul Early 2024 (2)}) 7... Bd6 8. h3 Bh5 9. a3 $146 ({RR} 9. c4 Nf6 10. Nc3 O-O 11. c5 Bc7 12. Be3 Rc8 13. Rc1 Bb8 14. a3 Ne4 15. b4 a6 16. Nd2 Bxe2 17. Nxe2 f5 18. Nxe4 fxe4 19. Qd2 Qh4 20. Rf1 h6 21. Rc3 Rf6 22. g3 Qxh3 23. Nf4 Bxf4 {0-1 Budinsky,M (2021)-Kral,P (2084) SVK-chT2C 1617 2016 (6.3)}) 9... Nf6 10. b3 Qb6 11. Bb2 O-O 12. Nbd2 Rac8 13. b4 a5 14. c3 axb4 15. axb4 Rfe8 16. Nh4 Bxe2 17. Rxe2 e5 18. Nf5 Bf8 19. dxe5 Nxe5 20. Nb3 Nc4 21. Bc1 Rxe2 22. Qxe2 Re8 23. Be3 Qc7 24. Qd3 Nxe3 25. Nxe3 Qe5 26. Rd1 Rc8 27. Nd4 Ne4 28. Nf3 Qxc3 29. Qxd5 Qxb4 30. Qd7 Ra8 31. Nd5 Qa4 32. Qxa4 Rxa4 33. Rc1 g6 34. Rc2 Ra5 35. Ne3 Bc5 36. Re2 f5 37. g3 b5 38. Kg2 b4 39. Nc4 Rb5 40. Ne1 Kf8 41. f3 Nd6 42. Ne5 b3 43. Nd7+ Kf7 44. Nxc5 b2 45. Rxb2 Rxb2+ 46. Kf1 Nc4 47. Ncd3 Ne3+ 48. Kg1 Re2 49. f4 Ke6 50. g4 fxg4 51. hxg4 Nxg4 52. Kf1 Rd2 53. Nc5+ Kd5 54. Nb3 Rb2 55. Nc1 Ke4 56. Ne2 h5 57. Ng2 Nh2+ 58. Kf2 Rc2 59. Nh4 Ng4+ 60. Ke1 Kd3 0-1